| 000 | 00752nam a2200205Ia 4500 | ||
|---|---|---|---|
| 003 | GCL | ||
| 008 | 140319s9999 xx 000 0 ara d | ||
| 040 |
_aGCL / _cGCL |
||
| 082 | 0 | 4 |
_a811.009 _bج ا |
| 100 | 1 | _aجابر عصفور | |
| 245 | 1 | 0 |
_aاستعادة الماضى : _bدراسات فى عصر النهضة / _cجابر عصفور |
| 250 | _aالثانية | ||
| 260 |
_aسوريا : _bدار المدى للثقافة والنشر ، _c2002 |
||
| 300 |
_a349 ص ؛ _c28 سم |
||
| 650 | 0 | 4 | _aالشعراء العرب |
| 650 | 0 | 4 | _aالشعر العربى - تاريخ ونقد |
| 650 | 0 | 4 | _aالشعر العربى - دواوين وقصائد |
| 650 | 0 | 4 | _aالشعر العربى - تاريخ - عصر النهضة |
| 942 |
_2ddc _cBK |
||
| 999 |
_c8094 _d8094 |
||